000 00674nam a22002177a 4500
003 UA-OsUOA
001 78422
007 ta
008 20111011b un ||||| |||| 00| 0 ukr d
100 _aНансо М.Б.
090 _a34
_bН25
942 _cSA
040 _aUA-OsUOA
_bukr
_cUA-OsUOA
_dUA-OsUOA
245 _aПраво на этническую идентичность: правовые и социально-философские аспекты признания в современных условиях
300 _aС.20-26
955 _a0
041 _aukr
080 _a34
773 0 _w78419
650 7 _a34 Право. Юриспруденція
_2UDC
999 _c364735
_d364735